01499nam a22003977a 4500003000500000005001700005008004100022010000800063011000900071035000900080040000900089090001000098100003500108245013400143260004000277300001100317500001100328502008100339590003700420590004100457590004100498590004100539590004100580590004100621590004100662590004200703650004000745650004000785650003700825650004100862901000700903942001000910949004100920999001300961952012700974CHAP20220817040827.0971013s1990 r 00010 d a994 a1966 a1151 cCHAP aTesis00aBastida Tapia, Aurelio.910744 aCaracterización, conceptualización y análisis de los viajes de estudio generacionales en la Universidad Autónoma Chapingo aChapingo, Méx. :bEl autor,c1990 a315 h. a39-229 aTesis (Ing. Agr. Esp. en Bosques) -- UACH. División de Ciencias Forestales aALEPHb10c20130110lUCH01h1207 aBATCH-UPDb10c20130110lUCH01h0157 aBATCH-UPDb10c20130110lUCH01h1220 aBATCH-UPDb10c20130410lUCH01h0755 aBATCH-UPDb10c20130914lUCH01h0545 aBATCH-UPDb10c20130914lUCH01h2133 aBATCH-UPDb10c20140805lUCH01h1142 aCONVERSIONb10c20130109lUCH01h130214aAgriculturaxAspectos económicos.14aAgriculturaxInvestigación.9157714aBosquesxInvestigación.91428214aGanaderíaxInvestigación.944756 aBK cTESIS bBCcTESd-10615eTS1h23235i1151si c994d994 00102local4051708TESISaBCbBCcPA_TESISd2019-12-31fTESISl0oTesisp-10615r2019-12-31 00:00:00w2019-12-31yTESIS